00678nam a22001697a 4500003000500000038001800005082000800023100003300031245015600064264003300220650002900253700005100282856005800333942001200391999001900403952008600422NUST aNusrat Nadeem a200 aAkbar, Saddam Sultan9132651 aExploration of heat transfer problems involving Newtonian and non-Newtonian flows over isothermal and non-isothermal boundaries/c Saddam Sultan Akbar, aIslamabad:bNBS NUST.c2025. aPhD-Mathematics 9123169 aSupervisor: Prof. Meraj Mustafa Hashmi9132652 u http://10.250.8.41:8080/xmlui/handle/123456789/55447 2ddccSC c615741d615741 00104070aCLbCLcTHEd2026-01-01l0o200pCLPT-783r2026-01-01w2026-01-01ySC